Building a safer future (Record no. 121905)
[ view plain ]
| 000 -LEADER | |
|---|---|
| fixed length control field | 01711cam a2200313 4500 |
| 001 - CONTROL NUMBER | |
| control field | 121905 |
| 005 - DATE AND TIME OF LATEST TRANSACTION | |
| control field | 20240417103355.0 |
| 008 - FIXED-LENGTH DATA ELEMENTS--GENERAL INFORMATION | |
| fixed length control field | 240417n2019 xxk o o000 0 eng u |
| 020 ## - INTERNATIONAL STANDARD BOOK NUMBER | |
| International Standard Book Number | 9781528602938 |
| 041 ## - LANGUAGE CODE | |
| Language code of text/sound track or separate title | eng. |
| 050 ## - LIBRARY OF CONGRESS CALL NUMBER | |
| Classification number | 692.21 |
| 110 ## - MAIN ENTRY--CORPORATE NAME | |
| Corporate name or jurisdiction name as entry element | Ministry of Housing, Communities and Local Government |
| 9 (RLIN) | 6195 |
| 245 ## - TITLE STATEMENT | |
| Title | Building a safer future |
| Remainder of title | Independent review of building regulations and fire safety |
| -- | Final report |
| Medium | [electronic resource] |
| 260 ## - PUBLICATION, DISTRIBUTION, ETC. | |
| Place of publication, distribution, etc. | London |
| Name of publisher, distributor, etc. | Stationery Office |
| Date of publication, distribution, etc. | May 2018 |
| 300 ## - PHYSICAL DESCRIPTION | |
| Extent | 159p. |
| 440 ## - SERIES STATEMENT/ADDED ENTRY--TITLE | |
| Title | Command Paper |
| Volume/sequential designation | Cm 9607 |
| 520 ## - SUMMARY, ETC. | |
| Summary, etc. | See also interim report ISBN 9781528601283 |
| 520 ## - SUMMARY, ETC. | |
| Summary, etc. | Builds on the interim report published in December 2017 where Dame Judith Hackett described how the regulatory system covering high-rise and complex buildings was not fit for purpose. At the heart of this report are the principles for a new regulatory framework which will drive real culture change and the right behaviours. This report recommends a very clear model of risk ownership, with clear responsibilities for the Client, Designer, Contractor and Owner to demonstrate the delivery and maintenance of safe buildings, overseen and held to account by a new Joint Competent Authority (JCA). |
| 650 ## - SUBJECT ADDED ENTRY--TOPICAL TERM | |
| Topical term or geographic name entry element | CLADDING |
| 650 ## - SUBJECT ADDED ENTRY--TOPICAL TERM | |
| Topical term or geographic name entry element | FIRE PREVENTION |
| 650 ## - SUBJECT ADDED ENTRY--TOPICAL TERM | |
| Topical term or geographic name entry element | FIRE SAFETY |
| 650 ## - SUBJECT ADDED ENTRY--TOPICAL TERM | |
| Topical term or geographic name entry element | HIGH-RISK BUILDINGS |
| 650 ## - SUBJECT ADDED ENTRY--TOPICAL TERM | |
| Topical term or geographic name entry element | Health and safety |
| 9 (RLIN) | 6244 |
| 650 ## - SUBJECT ADDED ENTRY--TOPICAL TERM | |
| Topical term or geographic name entry element | Building regulations |
| 9 (RLIN) | 6224 |
| 651 #4 - SUBJECT ADDED ENTRY--GEOGRAPHIC NAME | |
| Geographic name | ENGLAND AND WALES |
| 700 1# - ADDED ENTRY--PERSONAL NAME | |
| Personal name | Hackitt, Judith |
| 856 40 - ELECTRONIC LOCATION AND ACCESS | |
| Uniform Resource Identifier | <a href="https://assets.publishing.service.gov.uk/government/uploads/system/uploads/attachment_data/file/707785/Building_a_Safer_Future_-_web.pdf">https://assets.publishing.service.gov.uk/government/uploads/system/uploads/attachment_data/file/707785/Building_a_Safer_Future_-_web.pdf</a> |
| Public note | View the final report at www.gov.uk |
| 942 ## - ADDED ENTRY ELEMENTS (KOHA) | |
| Suppress in OPAC | 0 |
| Source of classification or shelving scheme | Dewey Decimal Classification |
| Withdrawn status | Lost status | Damaged status | Not for loan | Home library | Current library | Shelving location | Date acquired | Total Checkouts | Date last seen | Price effective from | Koha item type |
|---|---|---|---|---|---|---|---|---|---|---|---|
| London | Virtual | Online | 17/04/2024 | 17/04/2024 | 17/04/2024 | Online material |